Music Quiz

Random Music or Song Quiz

Bands By Their Songs Quiz Stats

Quiz not verified by Sporcle

Challenge
Share
Tweet
Embed
Score 0/30 Timer 07:00
0 Plays Today
Songs Band % Correct
Walk This Way; Sweet Emotion; Toys In the AtticAerosmith
98.4%
Here Comes the Sun; Lady Madonna; Hey Judethe Beatles
97.9%
Livin' On a Prayer; Wanted Dead or Alive; Your Give Love a Bad NameBon Jovi
97.4%
Welcome to the Jungle; Sweet Child O' Mine; Used to Love HerGuns N' Roses
96.8%
We Are the Champions; Another One Bites the Dust; Killer QueenQueen
96.3%
(I Can't Get No) Satisfaction; Paint It Black; Lady Janethe Rolling Stones
95.8%
Stairway to Heaven; Black Dog; Battle of EvermourLed Zeppelin
94.7%
Highway to Hell; Thunderstruck; Back In BlackAC/DC
94.7%
Eruption; Hot for Teacher; JumpVan Halen
94.2%
One; Enter Sandman; The Four HorsemenMetallica
92.1%
Detroit Rock City; Rock & Roll All Night; Love GunKiss
92.1%
Iron Man; Paranoid; Evil WomanBlack Sabbath
91.5%
Don't Stop Believin'; Any Way You Want It; Wheel In the SkyJourney
89.4%
Band On the Run; Jet; Live And Let DiePaul McCartney & Wings
87.8%
No More Mr. Nice Guy; School's Out; PoisonAlice Cooper
86.8%
Songs Band % Correct
Unskinny Bop; Every Rose Has Its Thorn; Talk Dirty To MePoison
84.1%
Imagine; Give Peace a Chance; Power to the PeopleJohn Lennon
83.1%
Sunshine of Your Love; White Room; I Feel FreeCream
82%
How You Remind Me; Rockstar; Far AwayNickelback
80.4%
Do You Really Want to Hurt Me; I'll Tumble 4 Ya; Karma ChameleonCulture Club
79.9%
We're Not Gonna Take It; I Wanna Rock; Be Chrool to Your ScuelTwisted Sister
79.4%
More Than a Feeling; Don't Look Back; Peace of MindBoston
78.8%
Shout at the Devil; Dr. Feelgood; Girls, Girls, GirlsMötley Crüe
78.3%
Dust In the Wind; Carry On Wayward Son; People In the South WindKansas
77.2%
Mr. Roboto; Renegade; Show Me the WayStyx
70.4%
My Sweet Lord; Got My Mind Set On You; Give Me Love (Give Me Peace on Earth)George Harrison
65.1%
Number of the Beast; Peace of Mind; PowerslaveIron Maiden
58.7%
Liverpool 8; Photograph; You're Sixteen (You're Beautiful and, You're Mine)Ringo Starr & His All Starr Band
51.9%
Dance Tonight; Only Mama Knows; Let It BePaul McCartney
49.7%
Stillborn; Fire It Up; Parade of the DeadBlack Label Society
20.1%

You're not logged in!

Compare scores with friends on all Sporcle quizzes.
Sign Up with Email
OR
Log In

You Might Also Like...

Show Comments

Extras

Top Quizzes Today


Score Distribution

Your Account Isn't Verified!

In order to create a playlist on Sporcle, you need to verify the email address you used during registration. Go to your Sporcle Settings to finish the process.

Report this User

Report this user for behavior that violates our Community Guidelines.

Details: